The Kaiser's voters : electors and elections in Imperial Germany /

Bibliographic Details
Main Author: Sperber, Jonathan, 1952-
Format: Book
Language:English
Published: Cambridge ; New York : Cambridge University Press, 1997.
Subjects:

MARC

Tag First Indicator Second Indicator Subfields
LEADER 00000cam a2200000 a 4500
001 in00001403770
005 20151020053149.0
008 961031s1997 enka b 001 0 eng
010 |a  96045553  
020 |a 0521591384 (hardback) 
035 |a (OCoLC)35865437 
035 |9 AHM7236AM 
040 |a DLC  |c DLC  |d TXA  |d UtOrBLW 
043 |a e-gx--- 
049 |a TXAM 
050 0 0 |a JN3838  |b .S67 1997 
082 0 0 |a 324.943/083  |2 21 
100 1 |a Sperber, Jonathan,  |d 1952- 
245 1 4 |a The Kaiser's voters :  |b electors and elections in Imperial Germany /  |c Jonathan Sperber. 
246 3 0 |a Electors and elections in Imperial Germany 
264 1 |a Cambridge ;  |a New York :  |b Cambridge University Press,  |c 1997. 
300 |a xiii, 389 pages :  |b illustrations ;  |c 24 cm. 
336 |a text  |b txt  |2 rdacontent 
337 |a unmediated  |b n  |2 rdamedia 
338 |a volume  |b nc  |2 rdacarrier 
504 |a Includes bibliographical references and index. 
650 0 |a Elections  |z Germany  |x History  |y 19th century. 
650 0 |a Elections  |z Germany  |x History  |y 20th century. 
651 0 |a Germany  |x Politics and government  |y 1871-1918. 
948 |a c:cer  |d 20021105 
999 |a MARS 
999 f f |s 39e2e291-1895-36be-97df-f46bd0e2b860  |i 6f38ef7c-df5a-3099-88d4-cd30c0f87450  |t 0 
952 f f |p ric  |a Texas A&M University  |b Rellis Campus  |c Joint Library Facility  |d Remote Storage  |t 0  |e JN3838 .S67 1997  |h Library of Congress classification  |i unmediated -- volume  |m A14822218090 
998 f f |a JN3838 .S67 1997  |t 0  |l Remote Storage